European Countries - Statistics

General Stats
  • This quiz has been taken 64 times
  • The average score is 40 of 45
Answer Stats
Population Answer % Correct
5.6 m Denmark
98%
59 m Italy
98%
105 m Russia
98%
9.5 m Sweden
98%
64 m United Kingdom
98%
5.5 m Finland
97%
63 m France
97%
5 m Norway
97%
44 m Spain
97%
8.4 m Austria
95%
11 m Belgium
95%
80 m Germany
95%
16 m Netherlands
95%
45 m Ukraine
95%
38 m Poland
93%
10.6 m Portugal
93%
1.2 m Estonia
92%
10.7 m Greece
92%
324 k Iceland
92%
8 m Switzerland
92%
7.3 m Bulgaria
90%
10.5 m Czech Republic
90%
2 m Latvia
90%
2.9 m Lithuania
90%
19 m Romania
90%
800 Vatican City
88%
4.6 m Ireland
86%
36 k Monaco
86%
7.2 m Serbia
86%
5.4 m Slovakia
86%
3.8 m Bosnia & Herzegovina
85%
4.2 m Croatia
85%
1.8 m Kosovo
85%
542 k Luxembourg
85%
2.1 m Slovenia
85%
2.7 m Albania
81%
2.2 m Macedonia
81%
75 k Andorra
80%
9.8 m Hungary
80%
32 k San Marino
80%
9.4 m Belarus
76%
620 k Montenegro
75%
3.4 m Moldova
73%
419 k Malta
69%
37 k Liechtenstein
63%
No matching quizzes found
Score Distribution
Percent of People with Each Score
Percentile by Number Answered
Your Score History
You have not taken this quiz